000 00338nam a22001337a 4500
003 SGT
020 _a9789383466818
082 _a891.4309
_bT16P
100 _aपरुलेकर, राजू
245 _aतेआणि मी
260 _bनवचैतन्य प्रकाशन
_c2016
300 _a207
942 _2ddc
_cBK
999 _c30185
_d30185